Principles of Auditing and Assurance Services. (Record no. 7557)

MARC details
000 -LEADER
fixed length control field 00574nam a22002057a 4500
003 - CONTROL NUMBER IDENTIFIER
control field OSt
005 - DATE AND TIME OF LATEST TRANSACTION
control field 20211201121534.0
008 - FIXED-LENGTH DATA ELEMENTS--GENERAL INFORMATION
fixed length control field 211201b ||||| |||| 00| 0 eng d
020 ## - INTERNATIONAL STANDARD BOOK NUMBER
International Standard Book Number 9781259252778, 1259252779
040 ## - CATALOGING SOURCE
Transcribing agency DDC
082 ## - DEWEY DECIMAL CLASSIFICATION NUMBER
Classification number 657.45 WHI 2016
100 ## - MAIN ENTRY--PERSONAL NAME
Personal name Whittington, O.Ray; Pany, Kurt
9 (RLIN) 15467
245 ## - TITLE STATEMENT
Title Principles of Auditing and Assurance Services.
250 ## - EDITION STATEMENT
Edition statement 20th ed.
260 ## - PUBLICATION, DISTRIBUTION, ETC. (IMPRINT)
Place of publication, distribution, etc. New York:
Name of publisher, distributor, etc. McGraw-Hill Education
Date of publication, distribution, etc. 2016,
300 ## - PHYSICAL DESCRIPTION
Extent xxxi,845p.:
Other physical details ill;
Dimensions 28cm.
504 ## - BIBLIOGRAPHY, ETC. NOTE
Bibliography, etc Includes Index.
650 ## - SUBJECT ADDED ENTRY--TOPICAL TERM
Topical term or geographic name as entry element Auditing.
9 (RLIN) 7397
942 ## - ADDED ENTRY ELEMENTS (KOHA)
Source of classification or shelving scheme Dewey Decimal Classification
Koha item type Book
Holdings
Withdrawn status Lost status Source of classification or shelving scheme Damaged status Not for loan Home library Current library Date acquired Source of acquisition Inventory number Total Checkouts Full call number Barcode Date last seen Price effective from Koha item type
    Dewey Decimal Classification     Faculty of Management Science Library Faculty of Management Science Library 01/12/2021 Purchase 17/40203   657.45 WHI 2016 2021-1984 01/12/2021 01/12/2021 Book